00378nam 22001453 4500001000700000016001100007100004100018200004600059210002400105215001500129610002600144675001600170700002800186801001800214202414 dcompra a20260601d u||y0pory50 ba aLaura Pausini (CD Áudio)fLaura Pausini cWarner Music d1993 cCD áudio amúsica pop, ligeira a78vDEzita aPausinibLaura f1974-  aPTbBMMNgRPC